Statistics for Top 10 Countries with the Most Total Soccer Players

Click here to take the quiz!

General Stats

  • This quiz has been taken 3,851 times
  • The average score is 6 of 10

Answer Stats

#Country% Correct
13,198,000Brazil
93%
24,473,000United States
88%
16,309,000Germany
85%
26,166,000China
75%
5,803,000Russia
66%
20,588,000India
64%
8,480,000Mexico
55%
6,654,000Nigeria
31%
7,094,000Indonesia
30%
6,280,000Bangladesh
17%

Score Distribution

Percentile by Number Answered

Percent of People with Each Score

Your Score History

You have not taken this quiz